| 000 | 00941cam a22002651 4500 | ||
|---|---|---|---|
| 001 | gs 49000134 | ||
| 003 | DLC | ||
| 005 | 20260227111355.0 | ||
| 008 | 780223s1948 lauabf 001 0 eng c | ||
| 010 | _ags 49000134 | ||
| 035 | _a(OCoLC)3663223 | ||
| 040 |
_aU.S. Geol. Survey. Libr. _cArLUA _dOCoLC _dDLC |
||
| 042 | _apremarc | ||
| 050 | 0 | 0 |
_aQE117 _b.A22 no. 25 |
| 082 | _a557.63 | ||
| 100 | 1 |
_aMurray, Grover E. _q(Grover Elmer), _d1916- |
|
| 245 | 1 | 0 | _aGeology of De Soto and Red River Parishes. |
| 260 |
_aBaton Rouge, _bDept. of Conservation, Louisiana Geological Survey, _c1948. |
||
| 300 |
_axvii, 312 p. _billus., 17 fold plates (incl. maps (part col.) in pocket) _c23 cm. |
||
| 410 | 2 | 0 |
_aLouisiana Geological Survey _tGeological bulletin _vno. 25 |
| 504 | _aBibliography: p. 271-301. | ||
| 650 | 0 |
_aGeology _zLouisiana _zDe Soto Parish. |
|
| 650 | 0 |
_aGeology _zLouisiana _zRed River Parish. |
|
| 650 | 0 |
_aPetroleum _zLouisiana. |
|
| 999 |
_c28372 _d28372 |
||